000 00596nab a2200217 a 4500
001 69676
003 143585
005 20201118110659.0
008 ||||||n9999 ||| || ||
041 _aspa
100 _aBocardi, Enrique Ricardo
245 0 _aPresupuesto de ventas :
_bpp.719-735
260 _aBuenos Aires :
_bContabilidad Moderna,
_c1973.
562 _e0
650 _aPLANIFICACION DE RECURSOS DE INFORMACION
650 _aPRESUPUESTO
650 _aPROCESO PRESUPUESTAL
650 _aVENTAS
773 _052511
_aAdministracion de empresas - T5-B (1973)
942 _cSART
999 _c69676
_d69676